LEADER 00904nam0-22003131i-450- 001 990008131620403321 005 20050623140506.0 035 $a000813162 035 $aFED01000813162 035 $a(Aleph)000813162FED01 035 $a000813162 100 $a20050616d1969----km-y0itay50------ba 101 0 $aita 102 $aIT 105 $ay-------001yy 200 1 $aCecoslovacchia$ela sinistra nel nuovo corso$fa cura di Sirio Di Giuliomaria 210 $aRoma$cSamonà e Savelli$d©1969 215 $a95 p.$d19 cm 225 1 $aCultura politica$v39 300 $aDocumentazione originariamente pubbl. in Intercontinental press 676 $a943.7$v20$zita 702 1$aDi Giuliomaria,$bSirio 801 0$aIT$bUNINA$gRICA$2UNIMARC 901 $aBK 912 $a990008131620403321 952 $aXI G AA.VV. 179$bs.i.$fDFD 959 $aDFD 996 $aCecoslovacchia$9530165 997 $aUNINA LEADER 01519nam 2200433 450 001 9910735382203321 005 20231110215107.0 010 $a9783031039102$b(electronic bk.) 010 $z9783031039096 035 $a(MiAaPQ)EBC7025300 035 $a(Au-PeEL)EBL7025300 035 $a(CKB)24100738700041 035 $a(PPN)26915163X 035 $a(EXLCZ)9924100738700041 100 $a20221225d2022 uy 0 101 0 $aeng 135 $aurcnu|||||||| 181 $ctxt$2rdacontent 182 $cc$2rdamedia 183 $acr$2rdacarrier 200 10$aDiscovery of co-existing non-collinear spin textures in D2d Heusler compounds /$fJagannath Jena 210 1$aCham, Switzerland :$cSpringer,$d[2022] 210 4$d©2022 215 $a1 online resource (147 pages) 225 1 $aSpringer Theses 311 08$aPrint version: Jena, Jagannath Discovery of Co-Existing Non-collinear Spin Textures in D2d Heusler Compounds Cham : Springer International Publishing AG,c2022 9783031039096 410 0$aSpringer Theses 606 $aScanning electron microscopy 606 $aScanning electron microscopy$vLaboratory manuals 615 0$aScanning electron microscopy. 615 0$aScanning electron microscopy 676 $a502.825 700 $aJena$b Jagannath$01245829 801 0$bMiAaPQ 801 1$bMiAaPQ 801 2$bMiAaPQ 912 $a9910735382203321 996 $aDiscovery of Co-Existing Non-collinear Spin Textures in D2d Heusler Compounds$92889177 997 $aUNINA